|
|
|
|
| LEADER |
02120nam a22003377a 4500 |
| 001 |
40690 |
| 003 |
BD-DhAAL |
| 005 |
20230207131232.0 |
| 008 |
230126t20181996bg ||||| |||| 001 0dben d |
| 020 |
|
|
|a 9844460298
|
| 040 |
|
|
|a BD-DhAAL
|
| 041 |
|
|
|a ben
|
| 082 |
|
|
|a 891.44371
|2 23
|
| 100 |
|
|
|a বন্দ্যোপাধ্যায়, বিভূতিভূষণ
|
| 245 |
|
|
|a বিভূতিভূষণ বন্দ্যোপাধ্যায় শ্রেষ্ঠ উপন্যাস /
|c বিভূতিভূষণ বন্দ্যোপাধ্যায়; সম্পাদনা হায়াৎ মামুদ ও তারাদাস বন্দ্যোপাধ্যায়; জীবনপঞ্জি ও গ্রন্থপঞ্জি হায়াৎ মামুদ
|
| 246 |
|
|
|a Bibhutibhushan bandyopadhaya sherstha upanyas
|
| 260 |
|
|
|a ঢাকা :
|b অবসর,
|c ১৯৯৬ [নবম মুদ্রণ ২০১৮]
|
| 300 |
|
|
|a ৮৯১ পৃৃষ্ঠা ;
|c ২২ সে.মি.
|
| 504 |
|
|
|a গ্রন্থপঞ্জিগত নির্দেশিকা ও নিঘন্ট অন্তভূক্ত।
|
| 526 |
|
|
|a GenEd (Residential Campus)
|
| 541 |
|
|
|a Development Book Agency
|e 40690, 40691
|
| 600 |
|
|
|a বন্দ্যোপাধ্যায়, বিভূতিভূষণ
|d ১৮৯৪-১৯৫০
|9 53543
|
| 650 |
|
|
|a Bengali fiction.
|
| 650 |
|
|
|a Bengali literature.
|
| 700 |
|
|
|a মামুদ, হায়াৎ
|
| 700 |
|
|
|a বন্দ্যোপাধ্যায়, তারাদাস
|9 33151
|
| 852 |
|
|
|a Ayesha Abed Library
|c General Stacks
|
| 942 |
|
|
|2 ddc
|c BK
|
| 999 |
|
|
|c 45339
|d 45339
|
| 952 |
|
|
|0 0
|1 0
|2 ddc
|4 0
|6 891_443710000000000_BAN
|7 0
|9 72776
|a SCL
|b SCL
|c GEN
|d 2023-01-05
|e Development Book Agency
|g 468.00
|l 0
|o 891.44371 BAN
|p 3020040690
|r 2023-01-05
|t 1
|v 468.00
|w 2023-01-05
|y BK
|
| 952 |
|
|
|0 0
|1 0
|2 ddc
|4 0
|6 891_443710000000000_BAN
|7 0
|9 72777
|a SCL
|b SCL
|c GEN
|d 2023-01-05
|e Development Book Agency
|g 468.00
|l 4
|m 11
|o 891.44371 BAN
|p 3020040691
|r 2025-08-04
|s 2025-07-01
|t 2
|v 468.00
|w 2023-01-05
|y BK
|